Leading strategic change : (Record no. 3547)

000 -LEADER
fixed length control field 01099cam a22003134a 4500
001 - CONTROL NUMBER
control field 12711561
003 - CONTROL NUMBER IDENTIFIER
control field OSt
005 - DATE AND TIME OF LATEST TRANSACTION
control field 20161013155608.0
008 - FIXED-LENGTH DATA ELEMENTS--GENERAL INFORMATION
fixed length control field 020320s2002 njuab 001 0 eng
010 ## - LIBRARY OF CONGRESS CONTROL NUMBER
LC control number 2002003916
020 ## - INTERNATIONAL STANDARD BOOK NUMBER
International Standard Book Number 0130461083
040 ## - CATALOGING SOURCE
Original cataloging agency DLC
Transcribing agency DLC
Modifying agency DLC
042 ## - AUTHENTICATION CODE
Authentication code pcc
050 00 - LIBRARY OF CONGRESS CALL NUMBER
Classification number HD58.8.B547 2002
082 00 - DEWEY DECIMAL CLASSIFICATION NUMBER
Classification number 658.4/02
Edition number 21
100 1# - MAIN ENTRY--PERSONAL NAME
Personal name Black, J. Stewart,
Dates associated with a name 1959-
245 10 - TITLE STATEMENT
Title Leading strategic change :
Remainder of title breaking through the brain barrier /
Statement of responsibility, etc J. Stewart Black, Hal B. Gregersen.
260 ## - PUBLICATION, DISTRIBUTION, ETC. (IMPRINT)
Place of publication, distribution, etc Upper Saddle River, N.J. :
Name of publisher, distributor, etc Prentice Hall
Date of publication, distribution, etc c2002.
300 ## - PHYSICAL DESCRIPTION
Extent xxiv, 194 p. :
Other physical details ill., maps ;
Dimensions 24 cm.
490 1# - SERIES STATEMENT
Series statement Financial Times Prentice Hall
500 ## - GENERAL NOTE
General note Includes index.
650 #0 - SUBJECT ADDED ENTRY--TOPICAL TERM
Topical term or geographic name as entry element Organizational change
General subdivision Planning.
650 #0 - SUBJECT ADDED ENTRY--TOPICAL TERM
Topical term or geographic name as entry element Group decision making.
700 1# - ADDED ENTRY--PERSONAL NAME
Personal name Gregersen, Hal B.,
Dates associated with a name 1958-
830 #0 - SERIES ADDED ENTRY--UNIFORM TITLE
Uniform title Financial Times Prentice Hall books.
906 ## - LOCAL DATA ELEMENT F, LDF (RLIN)
a 7
b cbc
c orignew
d 1
e ecip
f 20
g y-gencatlg
942 ## - ADDED ENTRY ELEMENTS (KOHA)
Source of classification or shelving scheme
Koha item type Book
Holdings
Withdrawn status Lost status Source of classification or shelving scheme Damaged status Not for loan Home library Current library Shelving location Date acquired Total Checkouts Full call number Barcode Date last seen Date checked out Copy number Price effective from Koha item type
          Riara University Library Riara University Library General stack 13/10/2016 2 HD58.8.B547 2002 7198/16 29/03/2019 08/02/2019 C.1 13/10/2016 Book

Riara University Library,
P.O. Box 49940-00100,
Nairobi, Kenya.